000 00723nam a2200277 a 4500
003 AR-BaBNM
005 20251128203348.0
008 082120s2002 ||||||||||||||000 | spa||
040 _cAR-BaBNM
100 1 _aJofre Barroso, Haydée M.
245 0 0 _aLos altares vacíos
_bconfesiones de una generación
250 _a1ª ed.
260 _aBuenos Aires
_bMacondo Ediciones
_c1980
300 _a95 p.
490 0 _aCiencia, cultura e información
650 4 _aLITERATURA ARGENTINA
650 4 _aSOCIOLOGIA CULTURAL
650 4 _aENSAYO
650 4 _aCRITICA LITERARIA
650 4 _aFILOSOFIA LITERARIA
650 4 _aMUJERES
653 _aMEMORIAS
655 _aLITERATURA
942 _cBK
998 _cMARTIN
999 _c3042
_d3042